1050 1735 1857 1110 1582 1008 1308 1276 1187 1560 1222 1919 1959 1670 1171 1818 1568 1175 1338 1213 1057 1998 1066 1547 1133 1823 1377 1963 1975 1723 1593 1367 1094 1586 1829 1351 1022 1251 1622 1342 1905 1112 1907 1618 1707 1026 1883 1460 1937 1408 1846 1650 1107 1957 1699 1484 1463 1887 1671 1251 1846 1677 1672 1705 1183 1373 1872 1897 1925 1708 1151 1227 1788 1985 1619 1837 1513 1193 1650 1794 1010 1862 1190 1861 1610 1738 1760 1376 1078 1006 1596 1161 1356 1294 1252 1840 1254 1144 1458 BCNSPRNW ULIB Ver.6.0+V

เปลี่ยนเป็นภาษาไทย

Change to English
 แสดงรายละเอียดบรรณานุกรม
  กลับหน้าหลัก

Brief Record : Get Marc (ISO 2709) : E-mail record : QR code < ปิดหน้าต่าง
LEADER : 00000nam 2200000uu 4500
001    13399120604
003     ULIB
008    120928s2550||||th 000 0 tha d
020    ^a9743520023
060 04 ^aWY152.5^bว153ก
100 0  ^aวชิราภรณ์ สุมนวงศ์
245 10 ^aการพยาบาลผู้ป่วยบาดเจ็บทรวงอก =^bNursing care for thepatients with chest trauma /^cวชิราภรณ์ สุมนวงศ์
246 31 ^aNursing care for the patients with chest trauma
250    ^aพิมพ์ครั้งที่ 1
260    ^aชลบุรี :^bภาควิชาการพยาบาลอายุรศาสตร์และศัลยศาสตร์.^bคณะพยาบาลศาสตร์. ^bมหาวิทยาลัยบูรพา,^c2550
300    ^aก-ฎ, 186 หน้า :^bภาพประกอบ ;^c26 ซม.
650  7 ^aการพยาบาลศัลยศาสตร์
650  7 ^aทรวงอกบาดเจ็บ
650  7 ^aทรวงอก, ศัลยกรรม
945    ^p160^l0^i15566
945    ^p160^l0^i15567
945    ^p160^l0^i15568
995    ^aวิภา
999 ^a ใช้งานได้ทุกระบบ
รายการนี้ยังไม่มีแท็ก
คุณยังไม่ได้ล็อกอิน คุณสามารถมีกิจกรรมร่วมกับเว็บไซต์ได้ แต่ต้องล็อกอินก่อน ::
  ล็อกอิน

รายการสื่อสารสนเทศ

ลำดับที่ ประเภท เลขเรียก/บาร์โค้ด สถานที่ สถานะ
1. Book การพยาบาล
Book การพยาบาล
WY152.5 ว153ก ฉ.2 
  Barcode: 15566
ห้องสมุดวิทยาเขตนครสวรรค์
►หนังสือทั่วไป:l:General Books
บนชั้น
2. Book การพยาบาล
Book การพยาบาล
WY152.5 ว153ก ฉ.3 
  Barcode: 15567
ห้องสมุดวิทยาเขตนครสวรรค์
►หนังสือทั่วไป:l:General Books
บนชั้น
3. Book การพยาบาล
Book การพยาบาล
WY152.5 ว153ก ฉ.4 
  Barcode: 15568
ห้องสมุดวิทยาเขตนครสวรรค์
►หนังสือทั่วไป:l:General Books
บนชั้น

รายการใกล้เคียง
    ผู้แต่ง [วชิราภรณ์ สุมนวงศ์]

    หัวเรื่อง [การพยาบาลศัลยศาสตร์]
    หัวเรื่อง [ทรวงอกบาดเจ็บ]
    หัวเรื่อง [ทรวงอก, ศัลยกรรม]

BibComment


ยังไม่เคยถูกคอมเมนท์

คอมเมนท์ทรัพยากรรายการนี้
  คอมเมนท์: การพยาบาลผู้ป่วย..


 Copyright 2026. Bcnsprnw @Library